The wonderful, horrible life of Leni Riefenstahl

Συνεντεύξεις με τη Leni Riefenstahl, τώρα στη δεκαετία του '90 της, λάμψη - οι πλάτες και οι σύγχρονες ακολουθίες ταινιών λένε την ιστορία του διασημότερου διευθυντή ταινιών γυναικών όλου του χρόνου. Γνωστή για τις ταινίες της που γίνονται κατά τη διάρκεια του τρίτου Ράιχ, η ιστορία Riefenstahl...

Πλήρης περιγραφή

Αποθηκεύτηκε σε:
Λεπτομέρειες βιβλιογραφικής εγγραφής
Κύριος συγγραφέας: Müller, Ray (Συγγραφέας, Διευθυντής)
Συλλογικό Έργο: Omega Films, Kino International Corporation
Μορφή: Διαφάνειες
Γλώσσα:English
Δημοσίευση: New York : Kino on Video, Omega Films, 1998, 1993
Θέματα:
Ετικέτες: Προσθήκη ετικέτας
Δεν υπάρχουν, Καταχωρήστε ετικέτα πρώτοι!

MARC

LEADER 00000cgm a2200000 i 4500
001 1/61238
008 071031s19931998us
035 |l 10091979 
040 |a GR-MY-UA  |b gre  |e aacr 
041 0 |a eng 
082 0 |a 791.430233 
245 1 4 |a The wonderful, horrible life of Leni Riefenstahl  |h [μαγνητοσκόπηση] /  |c Ray Muller, Leni Riefenstahl ; Kino International Corporation, Omega Films 
260 |a New York :   |b Kino on Video,   |b Omega Films,   |c 1998, 1993 
300 |a 1 βιντεοδίσκος (188 λεπτ.);  |b ομιλ., έγχρ.;  |c 4 3/4 ίν. 
500 |a Πρώτη κυκλοφορία ως ταινία το 1993 
500 |a Αγγλική και Γερμανική γλώσσα με αγγλικούς υπότιτλους 
508 |a Συγγραφέας και σκηνοθέτης: Ray Muller, Βοηθός σκηνοθέτη: Nicole Front, Παραγωγοί: Hans-Jurgen Panitz, Jacques de Clercp & Dimitri de Clercp, Συν-παραγωγός: Omega Films, Channel Four, Zweites Deutsches Fernsehen, ARTE, Επιμελειτές: Beate Kostner, Vera Dubsikova 
520 |a Συνεντεύξεις με τη Leni Riefenstahl, τώρα στη δεκαετία του '90 της, λάμψη - οι πλάτες και οι σύγχρονες ακολουθίες ταινιών λένε την ιστορία του διασημότερου διευθυντή ταινιών γυναικών όλου του χρόνου. Γνωστή για τις ταινίες της που γίνονται κατά τη διάρκεια του τρίτου Ράιχ, η ιστορία Riefenstahl είναι αμφισβητούμενη. Καλύτερα γνωστή για το θρίαμβο ταινιών θέλησής της, η ταινία φτιαγμένη από συνέδριο συμβαλλόμενου μέρους του 1934 ναζιστικό, αυτό αποδείχθηκε αυτή που ανατρέπει 
538 |a DVD format 
600 1 0 |a Riefenstahl Leni. 
600 0 0 |a Riefenstahl Leni  |x Interviews. 
650 0 0 |a Women motion picture producers and directors  |z Germany. 
650 0 0 |a Women motion picture producers and directors  |z Germany  |x Biography. 
650 0 0 |a Women motion picture producers and directors  |z Germany  |x Interviews. 
650 0 0 |a Motion pictures  |z Germany. 
650 0 0 |a Feature films  |z Germany. 
650 0 0 |a Documentary films. 
700 1 |a Müller, Ray.  |4 aut  |4 drt 
710 2 |a Omega Films. 
710 2 |a Kino International Corporation. 
852 |a INST  |b LESVOS  |c AV  |e 20071031  |h 791.430233 WON  |p 005100041043  |q 005100041043  |t DVD  |y 23 
901 |a BIBL1-2007-3 
920 |a ΕΠΕΑΕΚ ΠΜΣ ΓΥΝΑΙΚΕΣ ΚΑΙ ΦΥΛΑ  |y ΛΕΣΒΟΣ  |z 200710 
970 |a ΚΑΡΑ  |b ΓΙΑΣΕΜΗ  |z 2007/10/30